000 00250nam a2200109 4500
008 160704b xxu||||| |||| 00| 0 eng d
100 _91961
245 _a6 Plays
260 _aN.D
_b Children Book Trust
_c2001
300 _a6 Plays
942 _2ddc
_cBK
999 _c1662
_d1662